Größte Gemeinden Österreichs nach Fläche - Statistiken

Allgemein
  • Dieses Quiz wurde 60 mal gespielt
  • Das Durchschnittsergebnis liegt bei 8 aus 20
Antwortstatistiken
Fläche Einwohner Bundesland Gemeinde % Korrekt
415 km² 1.897.500 Wien Wien
100%
467 km² 3.100 Tirol Sölden
65%
413 km² 3.700 Steiermark Mariazell
53%
279 km² 25.000 Kärnten Wolfsberg
43%
262 km² 2.000 Kärnten Malta
40%
278 km² 4.600 Tirol Matrei in Osttirol
40%
256 km² 10.900 Niederösterreich Zwettl
40%
230 km² 2.100 Oberösterreich Grünau im Almtal
38%
253 km² 3.000 Salzburg Rauris
38%
249 km² 4.800 Tirol Neustift im Stubaital
33%
288 km² 1.500 Steiermark Sölk
33%
256 km² 1.700 Steiermark Stadl-Predlitz
33%
244 km² 3.100 Niederösterreich Gaming
30%
275 km² 2.400 Steiermark Neuberg an der Mürz
30%
270 km² 2.600 Steiermark Pölstal
28%
223 km² 1.400 Tirol St. Leonhard im Pitztal
28%
300 km² 5.000 Steiermark Admont
25%
256 km² 2.700 Steiermark Landl
20%
223 km² 2.000 Kärnten Metnitz
20%
224 km² 4.200 Oberösterreich Weyer
20%
Keine übereinstimmenden Quizze gefunden
Verteilung der Resultate
Anzahl Personen mit jedem Resultat
Perzentil nach korrekt beantworteten Fragen
Ihre Resultats-Entwicklung
Sie haben dieses Quiz noch nicht gespielt